[Event "Kupreichik Memorial Rapid 2019"]
[Site "Minsk"]
[Date "2019.08.17"]
[Round "8.5"]
[White "Teterev, Vitaly"]
[Black "Pogosian, Manvel"]
[Result "1-0"]
[WhiteElo "2474"]
[BlackElo "2383"]
[Annotator "TA"]
[PlyCount "105"]
[EventDate "2019.08.15"]
[EventType "swiss"]
[EventCountry "BLR"]
[SourceTitle "playchess.com"]
[Source "ChessBase"]
[SourceQuality "1"]

{[%evp 14,105,28,9,17,-10,-2,-2,20,13,14,16,53,39,39,47,61,44,67,54,45,51,79,78,80,68,222,42,147,134,240,160,161,160,163,152,160,146,208,183,187,183,208,208,194,191,202,202,282,132,138,137,145,128,128,128,135,137,135,134,131,128,122,121,120,120,113,90,113,37,33,0,0,0,0,0,43,39,36,36,365,354,614,520,903,902,715,715,620,535,520,527,29989,29990]} 1. Nf3 Nf6 2. g3 g6 3. Bg2 Bg7 4. O-O O-O 5. d4 d5 6. c4 dxc4 7. Na3 c5 8. Nxc4 Be6 {D77: Fianchetto Grünfeld: 6 0-0: Replies other than 6...c6} 9. Ne3 (9. Nce5 cxd4 10. Qxd4 Qxd4 11. Nxd4 Bd5 12. Rd1 Bxg2 13. Kxg2 Rd8 14. Bf4 Nd5 15. Ndf3 Na6 16. Bd2 {½-½ (35) Nakamura,H (2777)-Caruana,F (2822) Saint Louis 2018}) 9... Nc6 {[%cal Rc5d4]} 10. dxc5 Qxd1 {The position is equal.} (10... Ne4 {is interesting.} 11. Qc2 f5 12. Bd2 Nxd2 13. Nxd2 Nd4) 11. Rxd1 Ne4 12. Ne5 Nxc5 $146 ({Predecessor:} 12... Nxf2 13. Nxc6 Nxd1 14. Nxe7+ Kh8 15. Nxd1 Rad8 16. Nc3 {1-0 (41) Bilek,I-Van den Berg,C Hamburg 1965}) 13. Nxc6 bxc6 14. Bxc6 Rad8 15. Bd5 Bh3 16. Rb1 e6 17. Bf3 Rxd1+ 18. Nxd1 Bf5 19. Ra1 Rb8 $2 (19... h5 $14) 20. Bf4 $2 (20. Be3 $18 Na4 21. Bxa7 Bxb2 22. Nxb2 (22. Bxb8 Bxa1 23. Bc6 Nc5 $18) 22... Rxb2 23. Bd4) 20... Rd8 ({Black should play} 20... e5 $14 21. Be3 e4) 21. Rc1 $16 Na4 (21... Be4 $16 {was necessary.}) 22. e4 Bh3 23. b3 Nb6 24. Bg5 Rd7 25. Be3 h5 (25... f5 $16 {keeps fighting.} 26. exf5 Bxf5) 26. Be2 {Strongly threatening f3.} Bd4 27. f3 e5 28. Kf2 Be6 29. Bxd4 Rxd4 30. Rc7 a5 31. Rc5 (31. Rc6 $18 {is more deadly.} Nd7 32. Nc3) 31... a4 32. Rb5 Nc8 33. Rxe5 axb3 34. axb3 Bxb3 35. Re8+ Kg7 36. Ke3 Rd7 {intending ...Nd6.} 37. Rxc8 Bxd1 {[%mdl 4096] Endgame KRB-KRB} 38. Bc4 Ra7 39. f4 Bg4 40. Rc5 Kf8 41. f5 (41. Rc6 $16) 41... Ra3+ 42. Kf4 {[#] Kg5 is the strong threat.} f6 $1 {[%csl Gf6][%cal Rg6g5]} 43. e5 {Hoping for Rc8+.} Rf3+ 44. Ke4 gxf5+ 45. Kd4 fxe5+ 46. Kxe5 {And now Kf6 would win.} Ke7 $2 {[%mdl 8192]} ({Better is} 46... Kg7 $14) 47. Rc7+ $18 Kd8 $2 (47... Ke8 48. Kd6 f4) 48. Rh7 Rf2 {[#]} (48... Re3+ $142 49. Kd6 Re1) 49. Kd6 $1 {[%cal Rh7h8]} Rd2+ 50. Bd5 {[%cal Rh7h8]} Re2 51. Ra7 {[%cal Ra7a8]} Rc2 52. Rd7+ Ke8 53. Rg7 {Accuracy: White = 53%, Black = 38%.} 1-0

[Event "Kupreichik Memorial Rapid 2019"]
[Site "Minsk"]
[Date "2019.08.17"]
[Round "8.8"]
[White "Paravyan, David"]
[Black "Barskij, Vladimir"]
[Result "1-0"]
[WhiteElo "2605"]
[BlackElo "2389"]
[Annotator "TA"]
[PlyCount "73"]
[EventDate "2019.08.15"]
[EventType "swiss"]
[EventCountry "BLR"]
[SourceTitle "playchess.com"]
[Source "ChessBase"]
[SourceQuality "1"]

{[%evp 14,73,39,5,32,7,60,45,63,0,89,46,47,41,40,14,23,16,38,22,25,23,24,15,86,73,79,76,61,6,15,0,174,31,363,365,368,304,456,465,475,457,620,635,595,603,566,517,521,524,515,495,507,452,470,375,408,254,495,491,1447,1417]} 1. e4 c5 2. Nf3 e6 3. d4 cxd4 4. Nxd4 Nc6 5. Nc3 Qc7 6. g3 a6 7. Bg2 Nf6 8. O-O h5 {B47: Sicilian: Taimanov: 5 Nc3 Qc7 6 f4, 6 g3 and 6 Be2} (8... Be7 9. Re1 O-O 10. Nxc6 dxc6 11. e5 Rd8 12. Qf3 Nd5 13. h4 Bd7 14. Bg5 Bxg5 15. hxg5 Nxc3 16. Qxc3 Be8 17. Rad1 a5 18. a3 Rab8 19. Qc5 b6 20. Qe3 c5 {1-0 (60) Wang,H (2726)-Andreikin,D (2721) China 2019}) 9. h3 Be7 (9... Bc5 $11 10. Nb3 Be7) 10. Re1 h4 {White is slightly better.} 11. Bf4 $146 (11. g4 $14) ({Predecessor:} 11. g4 Nxd4 12. Qxd4 Bc5 13. Qd3 Qe5 14. Be3 Bxe3 15. Rxe3 b5 16. f4 Qxf4 17. e5 Nxg4 18. hxg4 Qxg4 {1-0 (25) Girinath,P (2280)-Harikrishna,P Kolkata 1997}) 11... Ne5 (11... e5 $11 12. Nd5 Qb8) 12. g4 d6 13. Bg5 Bd7 14. f4 Ng6 15. Kh1 Ng8 16. Bxe7 N8xe7 17. Nde2 Bc6 18. a4 O-O (18... O-O-O $11 {remains equal.}) 19. Rf1 d5 {[#]} 20. f5 $1 $36 {[%cal Rf5g6][%mdl 2048] Black is under strong pressure.} (20. exd5 Rad8 $17) 20... Ne5 21. f6 (21. Nd4 $14) 21... gxf6 $11 22. Nd4 {Hoping for exd5.} Kg7 $2 (22... Rad8 $11 23. Qe1 Qb6 24. Nxc6 bxc6) 23. Qe1 (23. exd5 $18 exd5 24. Qd2) 23... N7g6 $2 {[%mdl 8192] [#]} ({Black should try} 23... dxe4 $14 24. Bxe4 (24. Qxh4 $2 Nf3 $19) 24... Nd7) 24. exd5 $18 Bd7 25. Qf2 Qd8 (25... f5 $142 26. gxf5 exf5 27. Nxf5+ Bxf5) 26. Rad1 Qe7 27. Ne4 exd5 28. Nxf6 Be6 29. Nxd5 Qg5 30. Nc7 Bc4 31. Nxa8 Bxf1 32. Rxf1 Rxa8 33. Nf5+ Kh7 34. Nd6 Rf8 35. Qf5 Qd2 $2 (35... Qxf5 36. gxf5 (36. Rxf5 b6 $18) 36... Ne7) 36. Qh5+ Kg8 (36... Kg7 $142 37. Nf5+ (37. Nxb7 Rc8 $16) 37... Kg8) 37. Ne4 {Accuracy: White = 51%, Black = 25%.} 1-0

[Event "Kupreichik Memorial Rapid 2019"]
[Site "Minsk"]
[Date "2019.08.17"]
[Round "8.9"]
[White "Lazavik, Denis"]
[Black "Dydyshko, Viacheslav"]
[Result "1-0"]
[WhiteElo "2347"]
[BlackElo "2506"]
[Annotator "ChessBase"]
[PlyCount "45"]
[EventDate "2019.08.15"]
[EventType "swiss"]
[EventCountry "BLR"]
[SourceTitle "playchess.com"]
[Source "ChessBase"]
[SourceQuality "1"]
[TimeControl "900+10"]

1. d4 {[%emt 0:00:00]} Nf6 {[%emt 0:00:00]} 2. c4 e6 {[%emt 0:00:00]} 3. Nf3 {[%emt 0:00:09]} b6 {[%emt 0:00:00]} 4. a3 {[%emt 0:00:06]} Bb7 {[%emt 0:00:05]} 5. Nc3 {[%emt 0:00:05]} g6 {[%emt 0:00:05]} 6. Qc2 {[%emt 0:00:11]} Bg7 {[%emt 0:00:04]} 7. e4 {[%emt 0:00:08]} O-O {[%emt 0:00:03]} 8. Be2 {[%emt 0:00:27]} d5 {[%emt 0:00:09]} 9. cxd5 {[%emt 0:02:52]} exd5 {[%emt 0:00:03]} 10. e5 {[%emt 0:00:05]} Ne4 {[%emt 0:00:03]} 11. O-O {[%emt 0:00:58]} c5 {[%emt 0:04:18]} 12. dxc5 {[%emt 0:01:12]} bxc5 {[%emt 0:00:03]} 13. Nxe4 {[%emt 0:00:18]} dxe4 {[%emt 0:00:02]} 14. Nd2 {[%emt 0:00:05]} Nc6 {[%emt 0:03:00]} 15. Qxc5 {[%emt 0:02:58]} Nxe5 {[%emt 0:00:54]} 16. Qe3 {[%emt 0:01:25]} f5 {[%emt 0:01:29]} 17. Rd1 {[%emt 0:01:54]} Qc7 {[%emt 0:02:29]} 18. Qb3+ {[%emt 0:02:36]} Kh8 {[%emt 0:00:14]} 19. Nc4 {[%emt 0:00:43]} Ba6 {[%emt 0:02:16]} 20. Nxe5 {[%emt 0:00:50]} Bxe2 {[%emt 0:00:14]} 21. Bf4 {[%emt 0:00:55]} Bxe5 {[%emt 0:00:18]} 22. Rd7 {[%emt 0:00:02]} Qb8 {[%emt 0:01:17]} 23. Qe6 {[%emt 0:00:11]} 1-0

[Event "Kupreichik Memorial Rapid 2019"]
[Site "Minsk"]
[Date "2019.08.17"]
[Round "8.10"]
[White "Kochetkov, German"]
[Black "Balashov, Yuri S"]
[Result "0-1"]
[WhiteElo "2277"]
[BlackElo "2474"]
[Annotator "TA"]
[PlyCount "76"]
[EventDate "2019.08.15"]
[EventType "swiss"]
[EventCountry "BLR"]
[SourceTitle "playchess.com"]
[Source "ChessBase"]
[SourceQuality "1"]

{[%evp 10,87,42,49,203,17,20,14,16,22,14,24,12,12,16,16,10,3,6,4,35,37,33,29,54,13,74,75,77,78,83,49,59,43,58,39,43,52,46,43,50,41,125,125,121,122,132,134,164,156,730,23,5,0,108,74,156,157,118,104,105,98,95,99,105,101,199,16,178,178,194,176,206,0,0,-4,-20,-650,-503,-882]} 1. f4 e5 2. fxe5 d6 3. exd6 Bxd6 4. Nf3 g5 5. d4 g4 6. Ne5 Nc6 $2 {A02: Bird's Opening} ({Black should try} 6... Bxe5 $1 $14 7. dxe5 Qxd1+ 8. Kxd1 Nc6) (6... Bxe5 7. dxe5 Qxd1+ 8. Kxd1 Nc6 9. Nc3 Be6 10. Bf4 O-O-O+ 11. Ke1 Nge7 12. e3 Ng6 13. Bg5 Rde8 14. Bf6 Rhg8 15. Rd1 Ngxe5 16. b3 Rg6 17. Bh4 a6 {½-½ (17) Vavric,P (2364)-Vedmediuc,S (2460) Baile Govora 2017}) 7. Bf4 $2 (7. Nxc6 $18 bxc6 8. Qd3) 7... Qf6 $11 8. e3 $146 ({Predecessor:} 8. Qd2 Nxe5 9. dxe5 Bxe5 10. Qe3 Qxf4 11. Qxf4 Bxf4 12. Nc3 Be6 13. g3 Be5 14. Bg2 Bxc3+ 15. bxc3 {0-1 (44) Carvalho,L (1451)-Bernardo,D (1949) Vila Nova de Gaia 2015}) 8... Nxe5 {The position is equal.} 9. dxe5 Bxe5 10. Bxe5 Qxe5 {[%mdl 64] Double Attack} 11. Qd4 Qxd4 12. exd4 Bf5 13. c3 O-O-O 14. Bc4 Nh6 15. O-O Rhe8 16. Nd2 $36 {[%mdl 2048] White is more active.} Re7 17. Rf4 c5 (17... Rde8 $11 {keeps the balance.}) 18. Nb3 $1 $16 cxd4 19. Nxd4 Bg6 20. a4 a6 21. a5 Re5 22. g3 Rd7 23. b4 Rc7 24. Nb3 Nf5 25. Nc5 Nd6 (25... h5 $14) 26. Rxg4 f5 27. Rd4 Nxc4 28. Rxc4 Bh5 29. Rf1 Bg4 $2 {[#]} (29... Kb8 $16 30. Rh4 Be8) 30. Kg2 $2 (30. Rxg4 $1 $18 {[%mdl 512] White threatens Rg8+ and mate.} Rf7 (30... fxg4 31. Rf8+) 31. Rg5) 30... Re2+ $11 31. Kg1 {Strongly threatening Rxg4!} Kb8 (31... Re5 $1 $11 {remains equal.}) 32. Rd1 Rce7 (32... Rc2 $142 33. Re1 Bf3) 33. Nd7+ $1 $16 Ka7 34. Nb6 Re8 35. Rc8 Rxc8 36. Nxc8+ {[%mdl 4096] Endgame KRB-KRN} Kb8 37. Nb6 $1 Bf3 {[#]} (37... h5 $16) 38. c4 $2 (38. Rd7 $1 $18) 38... Bc6 {Played: Re2-g2} 0-1

[Event "Kupreichik Memorial Rapid 2019"]
[Site "Minsk"]
[Date "2019.08.17"]
[Round "8.11"]
[White "Pein, Malcolm"]
[Black "Spizharny, Mikhail"]
[Result "1-0"]
[WhiteElo "2312"]
[BlackElo "2079"]
[Annotator "TA"]
[PlyCount "105"]
[EventDate "2019.08.15"]
[EventType "swiss"]
[EventCountry "BLR"]
[SourceTitle "playchess.com"]
[Source "ChessBase"]
[SourceQuality "1"]

{[%evp 9,105,-24,-10,5,13,2,11,-4,-8,-9,-4,-13,69,-39,258,214,221,183,417,351,372,178,168,144,163,107,131,62,63,53,49,33,60,23,8,27,74,74,81,89,191,196,227,0,0,0,0,0,140,44,96,29,126,50,210,219,405,381,557,566,814,616,596,0,0,0,0,0,0,-68,125,107,119,-20,-16,-26,0,0,0,0,0,0,0,0,6079,5414,2100,1590,4750,575,1351,822,795,783,29991,29992,29992,29993]} 1. d4 Nf6 2. Nf3 d5 3. c4 c6 4. Nc3 dxc4 5. e4 b5 $1 6. Be2 {D15: Slav Defence: 4 Nc3 a6 and gambit lines after 4 Nc3 dxc4} g6 (6... e6 7. O-O Be7 8. a4 b4 9. e5 Nd5 10. Ne4 Ba6 11. Bd2 Qa5 12. Rc1 Nd7 13. Bxc4 Bxc4 14. Rxc4 {½-½ (39) Salem,A (2672)-Shankland,S (2725) chess.com INT 2019}) 7. e5 Nd5 8. h4 $146 {The position is equal.} ({Predecessor:} 8. O-O Bg7 9. Bd2 O-O 10. a4 Nc7 11. Be3 a6 12. b3 b4 13. Na2 cxb3 14. Nxb4 {1-0 (54) Learte Pastor,T (2282)-Paan,K ICCF email 2012}) 8... h6 9. h5 g5 10. a4 a6 (10... b4 $1 $11 11. Ne4 c3) 11. Qc2 (11. axb5 $14 Nxc3 12. bxc3 cxb5 13. O-O) 11... Bb7 $2 {[%mdl 8192] [#]} (11... Nb4 $15 12. Qd2 g4) 12. e6 $1 $18 {[%mdl 512]} Bg7 (12... fxe6 13. Qg6+) 13. exf7+ Kxf7 $2 (13... Kf8 14. Bd2 Qd7) 14. Qg6+ Kf8 {[#]} 15. Qf5+ (15. Nxg5 $142 $1 {[%mdl 512]} hxg5 16. h6 Rxh6 17. Rxh6) 15... Bf6 16. Ne5 Bc8 17. Qe4 (17. Ng6+ $18 Kg7 18. Qe4) 17... Bxe5 $16 18. Qxe5 $40 {[%mdl 128] White is up to no good.} (18. dxe5 $16 {Black must now prevent axb5.} b4 19. Nd1) 18... Nf6 $14 19. O-O {[%mdl 1024] White has compensation.} Nbd7 20. Qg3 Nb6 21. f4 g4 22. f5 Kf7 23. Bf4 Nbd5 (23... Bxf5 $2 24. Be5 $18) 24. Be5 Rg8 (24... Bd7 $16) 25. axb5 $18 Nxc3 26. bxc3 $2 (26. Qxc3 $6 cxb5 27. b3 a5 $16) (26. Bxc4+ $18 Ncd5 27. Bxf6 (27. bxa6 Rg5 $15) 27... exf6 28. bxc6) 26... cxb5 $11 27. Rae1 Bb7 28. Bd1 Rg5 (28... Bd5 $11) 29. Bc2 (29. Bxf6 $6 exf6 30. Rf2 Bd5 $15) (29. Bf4 $1 $16 {[%cal Rf4g5]} Nxh5 30. Qh2 (30. Qe3 Nxf4 31. Qxf4 Qd6 $15) 30... Nxf4 31. Rxf4) 29... Rxh5 (29... Bd5 $14) 30. Bf4 ({Reject} 30. Bxf6 $6 exf6 31. Re6 Qb8 $11) (30. Bc7 $16 Qd7 31. Re2) 30... Qd7 (30... a5 $11 {keeps the balance.}) 31. Re5 (31. Re6 $1 $16) 31... Bd5 $2 ({Black should try} 31... Kg8 $14) 32. Rfe1 $18 Ra7 $2 (32... Rd8 33. Rxe7+ Qxe7 34. Rxe7+ Kxe7) 33. Bd1 Rxf5 (33... Qd8 {is a better defense.} 34. Bxg4 Rg5 35. Bxg5 hxg5) 34. Bxh6 a5 35. Bxg4 Rxe5 36. Bxd7 $2 (36. Rf1 $1 $18 Re4 37. Bxd7 Rxd7 38. Qg7+ Ke6 39. Bg5) 36... Rxe1+ $11 37. Qxe1 Rxd7 38. Bc1 Rd8 39. Ba3 ({White should play} 39. Bg5 $11) 39... Ne4 $2 {[#]} (39... Be4 $15 {keeps the upper hand.} 40. Qg3 Rg8) 40. Qh4 $1 $16 {[%cal Rh4e7]} Nf6 {[#] White should prevent ...Rg8.} 41. Qf4 (41. g4 $1 $16) 41... Rg8 $11 42. g3 Rg4 43. Qc7 Re4 {...b4! is the strong threat.} 44. Qxa5 Ng4 {[%cal Re4e1]} 45. Kf1 Re3 {( -> ...Bf3)} 46. Qxb5 e6 $2 {[%mdl 8192]} (46... Rf3+ $11 47. Ke2 Re3+ 48. Kf1 Rf3+ 49. Ke1 Re3+ 50. Kd2 Rd3+ 51. Kc2 (51. Ke1 Re3+ 52. Kf1 $11) 51... Ne3+ 52. Kb1 Rxc3) 47. Qd7+ $18 Kg6 48. Qe8+ Kf5 49. Qf7+ (49. Qh5+ $142 Ke4 50. Qxg4+ Kd3 51. Qd1+ Kxc3 52. Kf2 {[%mdl 64] Decoy}) 49... Nf6 50. Be7 Rf3+ 51. Ke2 Kg5 52. Qg7+ Kh5 53. Bxf6 {Accuracy: White = 48%, Black = 28%.} 1-0

[Event "Kupreichik Memorial Rapid 2019"]
[Site "Minsk"]
[Date "2019.08.17"]
[Round "8.12"]
[White "Zarubitski, Viachaslau"]
[Black "Kameko, Aleksandr"]
[Result "1-0"]
[WhiteElo "2426"]
[BlackElo "2045"]
[Annotator "NA"]
[PlyCount "81"]
[EventDate "2019.08.15"]
[EventType "swiss"]
[EventCountry "BLR"]
[SourceTitle "playchess.com"]
[Source "ChessBase"]
[SourceQuality "1"]
[TimeControl "900+10"]

1. e4 {[%emt 0:00:00]} e5 {[%emt 0:00:00]} 2. Nf3 {[%emt 0:00:00]} d6 {[%emt 0:00:00]} 3. d4 {[%emt 0:00:04]} exd4 {[%emt 0:00:00]} 4. Nxd4 {[%emt 0:00:01]} Nf6 {[%emt 0:00:00]} 5. Nc3 {[%emt 0:00:01]} g6 {[%emt 0:00:02]} 6. Bf4 {[%emt 0:00:51]} Bg7 {[%emt 0:00:09]} 7. Qd2 {[%emt 0:00:17]} Nc6 {[%emt 0:00:15]} 8. Nxc6 {[%emt 0:01:08]} bxc6 {[%emt 0:00:02]} 9. Bc4 {[%emt 0:01:25]} O-O {[%emt 0:01:12]} 10. O-O {[%emt 0:00:22]} Be6 {[%emt 0:00:34]} 11. Bb3 {[%emt 0:00:06]} Re8 {[%emt 0:00:26]} 12. Rfe1 {[%emt 0:00:02]} Bxb3 {[%emt 0:02:32]} 13. axb3 {[%emt 0:00:01]} Nd7 {[%emt 0:00:15]} 14. f3 {[%emt 0:02:50]} Qb8 {[%emt 0:01:07]} 15. Be3 {[%emt 0:00:24]} Qb7 {[%emt 0:00:35]} 16. Ra5 {[%emt 0:00:36]} Re5 {[%emt 0:01:30]} 17. Rea1 {[%emt 0:00:01]} Rxa5 {[%emt 0:00:03]} 18. Rxa5 {[%emt 0:00:01]} Qb4 {[%emt 0:01:00]} 19. Ra4 {[%emt 0:00:59]} Qb7 {[%emt 0:00:01]} 20. Ra5 {[%emt 0:00:07]} Qb4 {[%emt 0:00:04]} 21. Ra6 {[%emt 0:00:27]} Qb7 {[%emt 0:00:08]} 22. Qe2 {[%emt 0:00:21]} Nb8 {[%emt 0:01:46]} 23. Ra5 {[%emt 0:00:57]} a6 {[%emt 0:00:27]} 24. Ra1 {[%emt 0:02:19]} Nd7 {[%emt 0:01:22]} 25. Kh1 {[%emt 0:00:03]} a5 {[%emt 0:00:18]} 26. Qd2 {[%emt 0:00:25]} h5 {[%emt 0:00:56]} 27. h3 {[%emt 0:00:52]} Ne5 {[%emt 0:00:13]} 28. Ne2 {[%emt 0:00:27]} a4 {[%emt 0:00:30]} 29. f4 {[%emt 0:01:55]} Nd7 {[%emt 0:00:03]} 30. Rxa4 {[%emt 0:00:03]} Rxa4 {[%emt 0:00:16]} 31. bxa4 {[%emt 0:00:00]} Qxb2 {[%emt 0:00:02]} 32. a5 {[%emt 0:00:06]} c5 {[%emt 0:00:21]} 33. Kh2 {[%emt 0:00:08]} Qa3 {[%emt 0:01:01]} 34. Bg1 {[%emt 0:00:41]} Qa4 {[%emt 0:02:17]} 35. e5 {[%emt 0:00:47]} dxe5 {[%emt 0:00:17]} 36. fxe5 {[%emt 0:00:22]} Bxe5+ {[%emt 0:00:03]} 37. Kh1 {[%emt 0:00:00]} Bd6 {[%emt 0:00:15]} 38. Qc3 {[%emt 0:01:11]} Qb5 {[%emt 0:00:53]} 39. Nc1 {[%emt 0:00:18]} Ne5 {[%emt 0:00:23]} 40. Nb3 {[%emt 0:00:25]} Nc6 {[%emt 0:00:04]} 41. Qe1 {[%emt 0:00:30]} 1-0

[Event "Kupreichik Memorial Rapid 2019"]
[Site "Minsk"]
[Date "2019.08.17"]
[Round "8.13"]
[White "Smirnov, Valerij"]
[Black "Pakhomov, Alexey"]
[Result "0-1"]
[WhiteElo "2261"]
[BlackElo "2315"]
[Annotator "NA"]
[PlyCount "81"]
[EventDate "2019.08.15"]
[EventType "swiss"]
[EventCountry "BLR"]
[SourceTitle "playchess.com"]
[Source "ChessBase"]
[SourceQuality "1"]
[TimeControl "900+10"]

1. d4 {[%emt 0:00:00]} Nf6 {[%emt 0:00:00]} 2. c4 {[%emt 0:00:00]} e6 {[%emt 0:00:00]} 3. Nf3 {[%emt 0:00:00]} Bb4+ {[%emt 0:00:00]} 4. Nc3 {[%emt 0:00:13]} c5 {[%emt 0:00:06]} 5. g3 {[%emt 0:00:20]} Ne4 {[%emt 0:01:14]} 6. Qd3 {[%emt 0:00:22]} cxd4 {[%emt 0:01:29]} 7. Nxd4 {[%emt 0:01:17]} Nxc3 {[%emt 0:03:08]} 8. bxc3 {[%emt 0:00:04]} Be7 {[%emt 0:01:28]} 9. Nb5 {[%emt 0:01:52]} O-O {[%emt 0:03:31]} 10. Bg2 {[%emt 0:00:53]} Nc6 {[%emt 0:00:31]} 11. O-O {[%emt 0:05:21]} a6 {[%emt 0:00:10]} 12. Nd6 {[%emt 0:00:06]} Ne5 {[%emt 0:00:13]} 13. Qd4 {[%emt 0:00:05]} Bxd6 {[%emt 0:00:05]} 14. Qxd6 {[%emt 0:00:02]} Nxc4 {[%emt 0:00:02]} 15. Qd4 {[%emt 0:00:31]} Qc7 {[%emt 0:02:10]} 16. Rd1 {[%emt 0:01:33]} d6 {[%emt 0:00:25]} 17. Rb1 {[%emt 0:01:11]} e5 {[%emt 0:00:38]} 18. Qd3 {[%emt 0:00:35]} Rb8 {[%emt 0:00:27]} 19. Bd5 {[%emt 0:01:03]} Be6 {[%emt 0:00:12]} 20. a4 {[%emt 0:00:34]} b5 {[%emt 0:00:16]} 21. axb5 {[%emt 0:00:06]} axb5 {[%emt 0:00:01]} 22. e4 {[%emt 0:01:11]} Rfc8 {[%emt 0:00:36]} 23. Kg2 {[%emt 0:00:34]} h6 {[%emt 0:00:11]} 24. f4 {[%emt 0:00:21]} Bxd5 {[%emt 0:00:58]} 25. Qxd5 {[%emt 0:00:02]} Qc5 {[%emt 0:00:05]} 26. Qxc5 {[%emt 0:00:33]} Rxc5 {[%emt 0:00:06]} 27. Rd3 {[%emt 0:00:11]} Kf8 {[%emt 0:00:20]} 28. Be3 {[%emt 0:00:09]} Nxe3+ {[%emt 0:00:02]} 29. Rxe3 {[%emt 0:00:02]} Rbc8 {[%emt 0:00:08]} 30. Rb3 {[%emt 0:00:01]} Ke7 31. Kf3 f6 {[%emt 0:00:11]} 32. Rd3 {[%emt 0:00:01]} R8c7 {[%emt 0:00:10]} 33. f5 {[%emt 0:00:02]} Rd7 {[%emt 0:00:08]} 34. Rd5 {[%emt 0:00:09]} Rxd5 {[%emt 0:00:07]} 35. exd5 Rc7 {[%emt 0:00:00]} 36. Rxb5 {[%emt 0:00:21]} Rxc3+ {[%emt 0:00:30]} 37. Kg4 {[%emt 0:00:16]} Rc2 {[%emt 0:00:10]} 38. h4 {[%emt 0:00:05]} Rc7 {[%emt 0:00:02]} 39. Rb6 {[%emt 0:00:08]} Rc5 {[%emt 0:00:09]} 40. Kh5 {[%emt 0:00:10]} e4 {[%emt 0:00:10]} 41. Rb7+ 0-1

[Event "Kupreichik Memorial Rapid 2019"]
[Site "Minsk"]
[Date "2019.08.17"]
[Round "8.14"]
[White "Mikhailovsky, Vladimir"]
[Black "Kalinin, Dmitry"]
[Result "1-0"]
[WhiteElo "2209"]
[BlackElo "2119"]
[Annotator "TA"]
[PlyCount "81"]
[EventDate "2019.08.15"]
[EventType "swiss"]
[EventCountry "BLR"]
[SourceTitle "playchess.com"]
[Source "ChessBase"]
[SourceQuality "1"]

{[%evp 9,81,27,102,96,103,100,83,81,98,79,118,119,119,106,162,146,205,172,155,91,65,72,74,51,88,68,94,68,68,58,68,4,88,87,201,1,47,0,84,60,55,0,0,0,0,-49,0,0,7,0,190,234,237,211,566,614,591,570,927,891,924,856,703,450,457,457,1156,904,29990,29991,29992,29993,29993,29994]} 1. e4 e6 2. Qe2 Be7 3. b3 d6 4. Bb2 Bf6 5. d4 c5 $146 {[#]} (5... e5 $11) ({Predecessor:} 5... Nc6 6. Nf3 e5 7. dxe5 dxe5 8. h3 Nge7 9. Na3 Bd7 10. Nc4 Ng6 11. g3 {1-0 (23) Czebe,A (2472)-Maeser,F (2264) Basel 2000}) 6. e5 $1 $16 {[%cal Re5f6] C00: French: Unusual White 2nd moves} dxe5 7. dxe5 Be7 8. Nd2 {White is better.} Nc6 9. Ngf3 Qc7 10. O-O-O Nh6 11. g4 Nxg4 (11... O-O $16 {keeps fighting.}) 12. Rg1 $18 h5 (12... Nh6 $16) 13. h3 Nh6 14. Rxg7 (14. Nc4 $142) 14... Nf5 15. Rg1 Bd7 16. Nc4 {aiming for Nd6+!} O-O-O 17. Nd6+ $1 Nxd6 18. exd6 Bxd6 19. Bxh8 Rxh8 20. c3 ({White should play} 20. Qd3 $14 Bf4+ 21. Kb2) 20... Bf4+ {[#]} (20... Ne7 $1 $11 {keeps the balance.}) 21. Kb2 $1 $16 Ne7 (21... Be8 $16) 22. Qd3 $2 (22. Rg7 $18) 22... Nd5 23. Bg2 (23. c4 $5 {[%cal Rc4d5]} Nf6 24. Bg2 $11) 23... Bh6 (23... Bc6 $11) 24. Nd2 Nf4 25. Qc4 (25. Qg3 $1 $14) 25... f5 26. Qf1 $36 {[%mdl 2048] White is more active.} b5 27. Bf3 (27. a4 $5 {[%cal Ra4b5]}) 27... e5 28. Be2 a6 29. a4 {[%cal Ra4b5]} bxa4 $2 (29... Qb6 $1 $11) 30. Bxa6+ $18 Kb8 31. Qc4 Ka7 $2 (31... Bc6 {is a better chance.} 32. Qxc5 Bf8) 32. Bb5 a3+ 33. Kc2 {Bxd7 is the strong threat.} Bc8 34. Ra1 Bb7 35. Rxa3+ Kb8 36. Rg8+ Rxg8 37. Qxg8+ Bc8 (37... Qc8 $142 38. Qh7 Bg5) 38. Qe8 {Threatens to win with Bc6.} Nd5 39. Bc6 {[%csl Gc6][%cal Ra3a8] White mates.} Nb6 40. Nc4 f4 41. Nxb6 {Accuracy: White = 56%, Black = 30%.} 1-0

[Event "Kupreichik Memorial Rapid 2019"]
[Site "Minsk"]
[Date "2019.08.17"]
[Round "8.15"]
[White "Sarbay, Aleksandr"]
[Black "Mochalov, Evgeny V"]
[Result "1-0"]
[WhiteElo "2115"]
[BlackElo "2374"]
[Annotator "TA"]
[PlyCount "59"]
[EventDate "2019.08.15"]
[EventType "swiss"]
[EventCountry "BLR"]
[SourceTitle "playchess.com"]
[Source "ChessBase"]
[SourceQuality "1"]

{[%evp 14,83,2,4,28,39,31,24,34,41,59,34,34,34,34,34,34,37,33,38,38,38,38,38,41,38,37,25,55,50,56,55,55,55,102,103,154,152,144,145,181,168,190,194,230,231,202,158,310,312,494,494,951,1003,1027,1000,908,886,5506,5293,5102,2191,29978,29979,29983,29981,29988,29989,29989,29989,29991,29992]} 1. e4 c5 2. Nf3 g6 3. d4 cxd4 4. Qxd4 Nf6 5. Nc3 Nc6 6. Qa4 d6 7. e5 dxe5 8. Nxe5 {Black should prevent Bc4.} Qd4 {[#] ...Qxa4 is the strong threat. B27: Sicilian: 2 Nf3, unusual Black 2nd moves} (8... Bd7 9. Nxd7 Qxd7 10. Be2 Bg7 11. O-O O-O 12. Rd1 Qf5 13. Bd3 Qh5 14. Qb5 Qxb5 15. Bxb5 Nb4 16. Ba4 {1-0 (60) Guseinov,G (2664)-Gordievsky,D (2614) St Petersburg 2018}) 9. Nxc6 Qxa4 10. Nxa4 {Strongly threatening Ne5.} bxc6 {White has an edge.} 11. Bc4 Bg7 12. Be3 Nd5 13. Bc5 Nb6 $146 ({Predecessor:} 13... Be6 14. Bb3 O-O 15. O-O Bf6 16. Rfe1 {1-0 (51) Rooze,J (2335)-Gal,M (2150) Marianske Lazne 2016}) 14. Bxb6 ({Reject} 14. Nxb6 axb6 15. Bxb6 Ba6 $15) 14... axb6 15. Nxb6 Bxb2 {[#] White must now prevent ...Rb8.} 16. Rb1 Bc3+ 17. Ke2 Rb8 $1 18. Nxc8 Rxc8 19. Rhd1 $36 {[%mdl 2048] White fights for an advantage.} O-O 20. Rd7 Bf6 21. Rbb7 Rfd8 22. Rxd8+ Rxd8 $14 {[%mdl 4096] Endgame KRB-KRB} 23. Rc7 Rd6 24. a4 {[%cal Ba2a4,Ba4a5,Ba5a6][%mdl 32]} Kf8 ({Better is} 24... Rd4 25. Rxc6 Re4+ 26. Kd3 Rd4+ 27. Ke3 Rg4) 25. Rc8+ $16 Kg7 26. a5 Rd7 27. Rxc6 Bc3 28. a6 Bd4 29. Bb5 Ba7 30. c4 {Played: Rc6xg6} 1-0